Kutatási irányaink és eredményeink az MTA pedagógiai kutató csoportjában

Elmentve itt :
Bibliográfiai részletek
Szerző: Horváth Márton
Dokumentumtípus: Cikk
Megjelent: 1981
Sorozat:Magyar pedagógia : a Magyar Tudományos Akadémia Pedagógiai Bizottságának folyóirata 81 No. 3
Kulcsszavak:Pedagógiai kutatás Magyarország 1970-es évek, Pedagógiai kutatás
Online Access:http://misc.bibl.u-szeged.hu/13147
LEADER 00758nab a2200181 i 4500
001 misc13147
005 20191106141501.0
008 170607s1981 hu o 0|| hun d
022 |a 0025-0260 
040 |a SZTE Miscellanea Repozitórium  |b hun 
041 |a hun 
100 1 |a Horváth Márton 
245 1 0 |a Kutatási irányaink és eredményeink az MTA pedagógiai kutató csoportjában  |h [elektronikus dokumentum] /  |c  Horváth Márton 
260 |c 1981 
300 |a 223-230 
490 0 |a Magyar pedagógia : a Magyar Tudományos Akadémia Pedagógiai Bizottságának folyóirata  |v 81 No. 3 
695 |a Pedagógiai kutatás Magyarország 1970-es évek, Pedagógiai kutatás 
856 4 0 |u http://misc.bibl.u-szeged.hu/13147/1/mp_1981_003_5563_223-230.pdf  |z Dokumentum-elérés